[Event "It (cat.1)"]
[Site "Joao Pessoa (Brazil)"]
[Date "2011.08.19"]
[Round "5"]
[White "Stamenkovic Dragan (SRB)"]
[Black "Rodi Luis Ernesto (ARG)"]
[Result "1/2-1/2"]
[WhiteElo "2410"]
[BlackElo "2404"]

1.c4 e5 2.Nc3 Nc6 3.g3 g6 4.Bg2 Bg7 5.d3 d6 6.Nf3 Nf6 7.Rb1 O-O 8.b4 h6 9.b5
Ne7 10.Bd2 c6 11.bxc6 Nxc6 12.O-O Qc7 13.Qb3 Bd7 14.Qxb7 Rfc8 15.Qxc7 Rxc7
16.Rb3 Kf8 17.Rfb1 {#d} 1/2-1/2

[Event "It (open)"]
[Site "Tatranske Zruby (Slovakia)"]
[Date "2011.09.26"]
[Round "2"]
[White "Burdik Lubomir (CZE)"]
[Black "Masak Pavel (CZE)"]
[Result "1/2-1/2"]
[WhiteElo "2208"]
[BlackElo "2081"]

1.c4 e5 2.Nc3 Nc6 3.g3 g6 4.Bg2 Bg7 5.d3 d6 6.e3 Nf6 7.Rb1 a5 8.Nge2 O-O 9.a3
h6 10.b4 axb4 11.axb4 Kh7 12.O-O Nh5 13.b5 Ne7 14.Nd5 f5 15.f4 c5 16.Bb2 Nxd5
17.Bxd5 Nf6 18.Bf3 Ng4 19.Qd2 exf4 20.Nxf4 Ra2 21.Bxg4 {#d} 1/2-1/2